000
00215nam a2200097Ia 4500
008
240331s9999 xx 000 0 und d
082
_b
COL
100
_a
Collins,H
245
0
_a
English learner's dictionary
942
_c
L
999
_c
3226
_d
3226